| 000 | 00527nam a22001817a 4500 | ||
|---|---|---|---|
| 003 | CEME | ||
| 005 | 20210628203852.0 | ||
| 008 | 210305b xxu||||| |||| 00| 0 eng d | ||
| 020 | _a1-56203-319-1 | ||
| 040 | _c. | ||
| 082 | _a620.0042 SOE'I | ||
| 100 |
_aFulmer, Howard M , Soen, Francis , Pitzer, David _967646 |
||
| 245 | _aInside autocad release 13 , for windows and windows nt | ||
| 260 |
_aINDIANA _bNRP _c1995 |
||
| 300 | _aXXVIII,1492P | ||
| 650 |
_aCOMPUTER GRAPHICS AUTOCAD FOR WINDOWS _967647 |
||
| 942 |
_cBK _2ddc |
||
| 999 |
_c575375 _d575375 |
||